|
|
|
|
| LEADER |
02387nam a2200565 a 4500 |
| 001 |
nkc20122371590 |
| 003 |
CZ PrNK |
| 005 |
20180119235009.0 |
| 007 |
ta |
| 008 |
120604s2011 xr a f 100 0 cze |
| 015 |
|
|
|a cnb002371590
|
| 020 |
|
|
|a 978-80-904281-7-1
|q (brož.) :
|c Kč 100,00
|
| 035 |
|
|
|a (OCoLC)806199765
|
| 040 |
|
|
|a OLA001
|b cze
|d BOA001
|
| 041 |
0 |
|
|a cze
|a slo
|
| 072 |
|
7 |
|a 339.7/.9
|x Světová ekonomika a mezinárodní finance
|2 Konspekt
|9 4
|
| 080 |
|
|
|a 339.9
|2 MRF
|
| 080 |
|
|
|a 316.422
|2 MRF
|
| 080 |
|
|
|a 338.24
|2 MRF
|
| 080 |
|
|
|a 338.2
|2 MRF
|
| 080 |
|
|
|a [339.923+327](4)
|2 MRF
|
| 080 |
|
|
|a (062.534)
|2 MRF
|
| 111 |
2 |
|
|a Evropský institucionální rámec a základy globální regulace (seminář)
|d (2011 :
|c Brno, Česko)
|7 olak2012702830
|
| 245 |
1 |
0 |
|a Evropský institucionální rámec a základy globální regulace :
|b souhrnná publikace z vědeckopopularizačního semináře realizovaného v rámci projektu Podpora šíření poznatků výzkumu evropské integrace ... : Brno, 25. listopadu 2011
|
| 250 |
|
|
|a 1. vyd.
|
| 260 |
|
|
|a Praha :
|b Vzdělávací středisko na podporu demokracie,
|c 2011
|
| 300 |
|
|
|a 207 s. :
|b il. ;
|c 21 cm
|
| 500 |
|
|
|a Pod názvem: NEWTON College, a.s.
|
| 504 |
|
|
|a Obsahuje bibliografie a bibliografické odkazy
|
| 546 |
|
|
|a Část. slovenský text
|
| 650 |
0 |
7 |
|a světová ekonomika
|7 ph116359
|2 czenas
|
| 650 |
0 |
7 |
|a globalizace
|7 ph120568
|2 czenas
|
| 650 |
0 |
7 |
|a ekonomická regulace
|7 ph119827
|2 czenas
|
| 650 |
0 |
7 |
|a hospodářská politika
|7 ph114701
|2 czenas
|
| 650 |
0 |
7 |
|a evropská integrace
|7 ph137464
|2 czenas
|
| 650 |
0 |
9 |
|a world economics
|2 eczenas
|
| 650 |
0 |
9 |
|a globalization
|2 eczenas
|
| 650 |
0 |
9 |
|a trade regulation
|2 eczenas
|
| 650 |
0 |
9 |
|a economic policy
|2 eczenas
|
| 650 |
0 |
9 |
|a European integration
|2 eczenas
|
| 655 |
|
7 |
|a sborníky konferencí
|7 fd133333
|2 czenas
|
| 655 |
|
9 |
|a proceedings of conferences
|2 eczenas
|
| 710 |
2 |
|
|a Podpora šíření poznatků výzkumu evropské integrace (projekt)
|7 olak2012702832
|
| 710 |
2 |
|
|a NEWTON College
|7 kn20070309012
|
| 856 |
4 |
1 |
|u http://www.digitalniknihovna.cz/mzk/uuid/uuid:e2eff7b0-96af-11e7-a9a4-005056827e51
|y Digitalizovaný dokument
|x NDK
|
| 910 |
2 |
|
|a BOA001
|b 2-1287.592
|
| 990 |
|
|
|a BK
|
| 995 |
|
|
|a 01
|
| 991 |
|
|
|b 201206
|c NOV
|e n
|
| 996 |
6 |
|
|b 2610513897
|c 2-1287.592
|l MZK
|r Sklad / do 1 hodiny
|n 0
|p p.v.
|w 001255991
|u 000010
|a 1
|e BOA001
|j MZK50
|s P
|